Southville International School and Colleges
Your cart is empty.
  • Cart
  • Lists
    Public lists Eva Luna New books Lux_list list_1
    Your lists Log in to create your own lists
  • Log in to your account
  • Your cookies
  • Search history
Southville International School and Colleges
  • Advanced search
  • Recent comments
  • Most popular
  • Libraries

Log in to your account

Log in with GOOGLE


If you do not have an external account, but do have a local account, you can still log in:

  1. Home
  2. MARC view: Mathematics modelling :
Normal view MARC view ISBD view

Mathematics modelling : (Record no. 42397)

[ view plain ]
MARC details
000 -LEADER
fixed length control field 00493nam a22001697a 4500
003 - CONTROL NUMBER IDENTIFIER
control field OSt
005 - DATE AND TIME OF LATEST TRANSACTION
control field 20140311163156.0
008 - FIXED-LENGTH DATA ELEMENTS--GENERAL INFORMATION
fixed length control field 140226t xxu||||| |||| 00| 0 eng d
020 ## - INTERNATIONAL STANDARD BOOK NUMBER
International Standard Book Number 9789814370042
050 ## - LIBRARY OF CONGRESS CALL NUMBER
Classification number QA 987.68
Item number .Y42m 2012
100 ## - MAIN ENTRY--PERSONAL NAME
Personal name Yee, Lee Peng
9 (RLIN) 30670
245 ## - TITLE STATEMENT
Title Mathematics modelling :
Remainder of title A collection of Classroom Tasks /
Statement of responsibility, etc Lee Peng Yee.
260 ## - PUBLICATION, DISTRIBUTION, ETC. (IMPRINT)
Place of publication, distribution, etc Singapore :
Name of publisher, distributor, etc Alston Pub,
Date of publication, distribution, etc 2012.
300 ## - PHYSICAL DESCRIPTION
Extent 83 p. :
Other physical details ill. ;
Dimensions 30 cm.
942 ## - ADDED ENTRY ELEMENTS (KOHA)
Source of classification or shelving scheme Library of Congress Classification
Koha item type
Holdings
Withdrawn status Lost status Source of classification or shelving scheme Damaged status Home library Current library Shelving location Date acquired Total Checkouts Full call number Barcode Date last seen Copy number Price effective from Koha item type
    Library of Congress Classification   Luxembourg Library Luxembourg Library Teachers Reference Section 02/26/2014   QA 987.68 .Y42m 2012 19656 02/26/2014 1 02/26/2014 Books

Mathematics modelling :

APA

Yee L. P., . (2012). Mathematics modelling. Singapore: Alston Pub.

Chicago

Yee Lee Peng, . 2012. Mathematics modelling. Singapore: Alston Pub.

Harvard

Yee L. P., . (2012). Mathematics modelling. Singapore: Alston Pub.

MLA

Yee Lee Peng, . Mathematics modelling. Singapore: Alston Pub. 2012.

  • Place hold
  • Print
  • Cite
  • Add to your cart (remove)
  • Save record
    BIBTEX Dublin Core MARCXML MARC (non-Unicode/MARC-8) MARC (Unicode/UTF-8) MARC (Unicode/UTF-8, Standard) MODS (XML) RIS
  • More searches
    Search for this title in:
    Other Libraries (WorldCat) Other Databases (Google Scholar) Online Stores (Bookfinder.com) Open Library (openlibrary.org)

Exporting to Dublin Core...

SOUTHVILLE LIBRARY

Southville International School and Colleges Library

1281 Tropical Ave. Cor. Luxembourg St., BF Homes International, Las Pinas City

Tel. No. 8256374 / 252358 Loc. 117/146

Powered by Koha